Catalog

Record Details

Catalog Search



Tara Road  Cover Image Book Book

Tara Road / Maeve Binchy.

Binchy, Maeve. (Author).

Summary:

One woman's life is devastated when her only son dies, and another woman's life comes abruptly to a halt when her marriage ends. The two agree to swap homes, and through their new surroundings, they find strength and healing.

Record details

  • ISBN: 0385333951
  • ISBN: 0440235596
  • Physical Description: 502 pages ; 25 cm.
  • Publisher: New York : Delacorte Press, c1998.
Subject: Women > Ireland > Dublin > Fiction.
Women > New England > Fiction.
Female friendship > Fiction.
Dublin (Ireland) > Fiction.
Home exchanging > Fiction.
Domestic fiction.
Genre: Love stories.

Available copies

  • 1 of 1 copy available at scottsboropl.

Holds

  • 0 current holds with 1 total copy.
Show Only Available Copies
Location Call Number / Copy Notes Barcode Shelving Location Status Due Date
scottsboropl F Bin 32269000599541 Adult - Fiction Available -

LDR 01204cam a2200325 a 4500
001118563
003CONS
00520140703075951.0
008980721s1998 nyu 000 1 eng
010 . ‡a 98033768
020 . ‡a0385333951
020 . ‡a0440235596
035 . ‡a(CPomAG)LMN321875
043 . ‡ae-ie--- ‡an-usn--
05000. ‡aPR6052.I7728 ‡bT37 1998
08200. ‡a823/.914 ‡221
1001 . ‡aBinchy, Maeve.
24510. ‡aTara Road / ‡cMaeve Binchy.
260 . ‡aNew York : ‡bDelacorte Press, ‡cc1998.
300 . ‡a502 pages ; ‡c25 cm.
520 . ‡aOne woman's life is devastated when her only son dies, and another woman's life comes abruptly to a halt when her marriage ends. The two agree to swap homes, and through their new surroundings, they find strength and healing.
650 0. ‡aWomen ‡zIreland ‡zDublin ‡vFiction.
650 0. ‡aWomen ‡zNew England ‡vFiction.
650 0. ‡aFemale friendship ‡vFiction.
651 0. ‡aDublin (Ireland) ‡vFiction.
650 0. ‡aHome exchanging ‡vFiction.
655 7. ‡aLove stories. ‡2gsafd
650 0. ‡aDomestic fiction.
959 . ‡i32269000599541 ‡lF Bin ‡aAdult - Fiction ‡tFiction ‡g24.95
852 . ‡p32269000599541 ‡jF Bin ‡gAdult - Fiction ‡cFiction ‡y24.95 ‡bSBPL
901 . ‡a118563 ‡bUnknown ‡c118563 ‡tbiblio

Additional Resources